<?xml version="1.0" encoding="UTF-8"?><?xml-stylesheet type="text/xsl" href="static/style.xsl"?><OAI-PMH xmlns="http://www.openarchives.org/OAI/2.0/" xmlns:xsi="http://www.w3.org/2001/XMLSchema-instance" xsi:schemaLocation="http://www.openarchives.org/OAI/2.0/ http://www.openarchives.org/OAI/2.0/OAI-PMH.xsd"><responseDate>2026-04-14T14:40:46Z</responseDate><request verb="GetRecord" identifier="oai:uvadoc.uva.es:10324/27872" metadataPrefix="marc">https://uvadoc.uva.es/oai/request</request><GetRecord><record><header><identifier>oai:uvadoc.uva.es:10324/27872</identifier><datestamp>2021-06-29T19:50:33Z</datestamp><setSpec>com_10324_38</setSpec><setSpec>col_10324_852</setSpec></header><metadata><record xmlns="http://www.loc.gov/MARC21/slim" xmlns:doc="http://www.lyncode.com/xoai" xmlns:xsi="http://www.w3.org/2001/XMLSchema-instance" xmlns:dcterms="http://purl.org/dc/terms/" xsi:schemaLocation="http://www.loc.gov/MARC21/slim http://www.loc.gov/standards/marcxml/schema/MARC21slim.xsd">
<leader>00925njm 22002777a 4500</leader>
<datafield tag="042" ind1=" " ind2=" ">
<subfield code="a">dc</subfield>
</datafield>
<datafield tag="720" ind1=" " ind2=" ">
<subfield code="a">Arias Urueña, Ana Isabel</subfield>
<subfield code="e">author</subfield>
</datafield>
<datafield tag="260" ind1=" " ind2=" ">
<subfield code="c">2017</subfield>
</datafield>
<datafield tag="520" ind1=" " ind2=" ">
<subfield code="a">‘No son “buenorras”, son deportistas olímpicas’. Ese es el título de la carta que la Asociación Mujeres y Deporte Profesional remitió al diario El Mundo en respuesta a su álbum “La lista de buenorras internacionales en los Juegos Olímpicos de Río”. La galería de imágenes de deportistas  a las que más tarde denominaron “olímpicamente atractivas” fue publicada en la edición digital de esta cabecera española el martes 2 de agosto de 2016 y supuso un anticipo de los artículos escritos durante ese mes coincidiendo con la celebración de las olimpiadas en la ciudad brasileña de Río de Janeiro.</subfield>
</datafield>
<datafield tag="024" ind2=" " ind1="8">
<subfield code="a">http://uvadoc.uva.es/handle/10324/27872</subfield>
</datafield>
<datafield tag="245" ind1="0" ind2="0">
<subfield code="a">Los Juegos del sexismo.  Río de Janeiro 2016: análisis del tratamiento informativo de los medallistas olímpicos en los diarios Marca y As</subfield>
</datafield>
</record></metadata></record></GetRecord></OAI-PMH>